Princípy Guerilla marketingu

Enregistré dans:
Détails bibliographiques
Auteur principal: Štetka, Peter, 1986-
Autres auteurs: Šlosár, Róbert
Format: Chapitre de livre
Langue:slovaque
Sujets:
Tags: Ajouter un tag
Pas de tags, Soyez le premier à ajouter un tag!

MARC

LEADER 00000nla a2200000 4500
001 0210556
005 20240522132952.3
041 0 |a slo 
044 |a SK 
245 1 0 |a Princípy Guerilla marketingu  |c Peter Štetka, Róbert Šlosár 
500 |a Abstrakt 
610 2 0 |a guerilla marketing 
100 1 |a Štetka, Peter, 1986- 
700 1 |a Šlosár, Róbert